SISTEMA DE BIBLIOTECAS
Carmen Mendoza De Cornielle

Presión humana sobre los humedales de San Antonio de Guerra en la República Dominicana / (Registro nro. 18417)

Detalles MARC
000 -CABECERA
campo de control de longitud fija 01410nam a2200253 i 4500
001 - NÚMERO DE CONTROL
campo de control 18417
003 - IDENTIFICADOR DEL NÚMERO DE CONTROL
campo de control DO-SdUEMH
005 - FECHA Y HORA DE LA ÚLTIMA TRANSACCIÓN
campo de control 20260407161201.0
007 - CAMPO FIJO DE DESCRIPCIÓN FÍSICA--INFORMACIÓN GENERAL
campo de control de longitud fija ta
008 - DATOS DE LONGITUD FIJA--INFORMACIÓN GENERAL
campo de control de longitud fija 260407b2026 dr a|||gri||| 001 0 spa d
020 ## - NÚMERO INTERNACIONAL ESTÁNDAR DEL LIBRO
Número Internacional Estándar del Libro 9789945941982
040 ## - FUENTE DE LA CATALOGACIÓN
Centro catalogador/agencia de origen DO-SdUEMH
Lengua de catalogación spa
Normas de descripción rda
041 ## - CÓDIGO DE LENGUA
Código de lengua del texto/banda sonora o título independiente spa
082 04 - NÚMERO DE LA CLASIFICACIÓN DECIMAL DEWEY
Colección Colección Dominicana
Número de documento/Ítem P933h
245 10 - MENCIÓN DE TÍTULO
Título Presión humana sobre los humedales de San Antonio de Guerra en la República Dominicana /
264 #1 - PRODUCCIÓN, PUBLICACIÓN, DISTRIBUCIÓN, FABRICACIÓN Y COPYRIGHT
Lugar de producción, publicación, distribución, fabricación Santo Domingo, República Dominicana :
Nombre del de productor, editor, distribuidor, fabricante Búho S.R.L.,
Fecha de producción, publicación, distribución, fabricación o copyright 2026
300 ## - DESCRIPCIÓN FÍSICA
Extensión 150 paginas :
Otras características físicas ilustraciones ;
Dimensiones 30 cm.
336 ## - TIPO DE CONTENIDO
Fuente rdacontent
Término de tipo de contenido texto
Código de tipo de contenido txt
337 ## - TIPO DE MEDIO
Fuente rdamedia
Nombre del tipo de medio sin mediación
Código del tipo de medio n
338 ## - TIPO DE SOPORTE
Fuente rdacarrier
Nombre del tipo de soporte volumen
Código del tipo de soporte nc
504 ## - NOTA DE BIBLIOGRAFÍA, ETC.
Nota de bibliografía, etc. Bibliografías en paginas 131-136
505 2# - NOTA DE CONTENIDO CON FORMATO
Nota de contenido con formato Aspectos metodológicos -- Humedales: perspectiva general -- Contexto normativo de los humedales y recursos hídricos -- Descripción del área de estudio -- Contexto socioeconómico del territorio de San Antonio de Guerra -- Caracterización geográfica -- Caracterización climática -- Vulnerabilidad climática -- Geografía de la población y evolución de los asentamientos humanos -- Humedales de San Antonio de Guerra -- Análisis de las lagunas de San Antonio de Guerra -- Segundo nivel de estudio: humedales analizados desde el punto de vista de la calidad del agua -- Tercer nivel de estudio: sistemas de humedales analizados integralmente.
942 ## - ELEMENTOS DE PUNTO DE ACCESO ADICIONAL (KOHA)
Fuente del sistema de clasificación o colocación Dewey Decimal Classification
Suprimir en OPAC No
Tipo de ítem Koha Libro
Existencias
Estado de retiro Estado de pérdida Fuente del sistema de clasificación o colocación Estado dañado Disponibilidad para préstamo Código de colección Localización permanente Ubicación/localización actual Ubicación en estantería Fecha de adquisición Fuente de adquisición Total de préstamos Signatura topográfica completa Código de barras Fecha visto por última vez Número de copia Precio válido a partir de Tipo de ítem Koha
    Dewey Decimal Classification   Disponible para préstamo Colección Dominicana UNIREMHOS SEDE UNIREMHOS SEDE Colección Dominicana 03/30/2026 Donación   RD 2500788 03/30/2026 ej. 1 03/30/2026 Libro
UNIREMHOS

Av. Abraham Lincoln no. 126, casi esq. José Contreras,
Santo Domingo, República Dominicana

Correo: info@uniremhos.edu.do

Tel.: (809) 532-3739

Horario: Lunes a Viernes: 8:00 am - 6:00 pm | Sábados: 8:00 am - 12:00 m

📍 Ubicación
UNEFA

Av. 27 de Febrero no. 52, El Vergel,
Santo Domingo, República Dominicana

Tel.: (809) 530-0224

📍 Ubicación
UFHEC

Av. Máximo Gómez esq. César Nicolás Penson, La Esperilla,
Santo Domingo, República Dominicana

Tel.: (809) 537-6000

📍 Ubicación